000 00303nam a22001337a 4500
008 170606b xxu||||| |||| 00| 0 eng d
020 _a9780132285339
041 _aeng
080 _23rd
_a93
100 _a18
101 _aSHH
245 _aINTERNATIONAL ORGANIZATIONS
_cPEASE, K.K.S
942 _2udc
_cBK
999 _c16044
_d16044